000 00989nam a2200289Ia 4500
003 OSt
005 20221005085229.0
006 a|||||r|||| 00| 0
007 ta
008 221004b |||||||| |||| 00| 0 eng d
020 _a9783110227765 (hbk)
_c8878.18
024 _a22254
037 _b12067, 10/03/2015, Elite Publishers Distributors
_cTextual
040 _aCRL
_cCRL
_beng
041 _2eng
_aeng
082 _aP:4, Q0
100 _aRecanati Francois Ed.
_9614061
245 0 _aContext - dependence, perspective and relativity
260 _aNew York
_bDe Gruyter Mouton USA
_c2010
300 _avi, 356p.
_ccm.
490 _aMouton series in pragmatics; 6
650 _aLINGUISTICS
700 _a Stojanovic Isidora Ed.
_9614062
700 _a Villanueva Neftali Ed.
_9614063
942 _hP:4, Q0
_cTEXL
_2cc
999 _c993916
_d993916